• 首页
  • 本馆介绍
  • 公告通知
  • 最新文献
  • 馆藏检索
  • 电子资源
  • 读者导购
  • 参考咨询
  • 我的图书馆
  • 登录
  • 详细信息显示
  • 放入我的书架
  • 预约/预借图书
  • 作者相关作品
  • 分类相关作品
  • 丛书相关作品
  • 出版社相关作品

书目信息

  • 表格格式
  • 工作单格式
  • 卡片格式
题名:
制图字体
    
 
作者: ;武汉测绘科技大学地图制图系
分册:  
出版信息: 北京   测绘出版社  1994.08
页数: 186页
开本: 12cm
丛书名:
单 册:
中图分类: P283.2
科图分类:
主题词: 地图学
电子资源:
ISBN: 7-5030-0754-0
000 00648nam0 2200205 45
001 0405211687
005 20040521163307.9
010    @a7-5030-0754-0@dCNY12.00
100    @a20040521d1994 km y0chiy0120 ea
101 0  @achi
105    @a z 000yy
200 1  @a制图字体@AZhi Tu Zi Ti@f武汉测绘科技大学地图制图系编著@FWu Han Ce Hui Ke Ji Da Xue Di Tu Zhi Tu XiBian Zhu
205    @a3版
210    @a北京@c测绘出版社@d1994.08
215    @a186页@d12cm
606 0  @a地图学
690    @aP283.2@v3
711 02 @a武汉测绘科技大学地图制图系@AWu Han Ce Hui Ke Ji Da Xue Di Tu Zhi Tu Xi
801    @aCN@bPftUser@c20040521
905    @f1@b270841@dP283.2@e46=3
    
    制图字体/武汉测绘科技大学地图制图系编著.-3版.-北京:测绘出版社,1994.08
    186页;12cm
    
    
    ISBN 7-5030-0754-0:CNY12.00
    
●
相关链接 在E读中查询图书 在五车中查询图书 在当当中查询图书 在豆瓣中查询图书


正题名:制图字体     索取号:P283.2/46=3         预约/预借

序号 登录号 条形码 馆藏地/架位号 状态 备注
1 0270840   000625988   第二样本阅览室/ [索取号:P283.2/46=3] 在馆    
2 0270841   000625997   第三借阅区/ [索取号:P283.2/46=3] 在馆    
唐山师范学院图书馆 欢迎您!
大连网信软件有限公司© 版权所有